Oracle essentials : oracle database 10g, what you need to know about oracle database architecture and features (Record no. 180614)

MARC details
000 -LEADER
fixed length control field 00592nam a2200181Ia 4500
005 - DATE AND TIME OF LATEST TRANSACTION
control field 20250225114417.0
008 - FIXED-LENGTH DATA ELEMENTS--GENERAL INFORMATION
fixed length control field 231217s9999 xx 000 0 und d
020 ## - INTERNATIONAL STANDARD BOOK NUMBER
International Standard Book Number 9798173669353
082 ## - DEWEY DECIMAL CLASSIFICATION NUMBER
Classification number 001.6424ORA GRE;1 R
100 ## - MAIN ENTRY--PERSONAL NAME
Personal name Greenwald, Rick. Stackwiak, Robert. Stern, Jonathan
245 #0 - TITLE STATEMENT
Title Oracle essentials : oracle database 10g, what you need to know about oracle database architecture and features
250 ## - EDITION STATEMENT
Edition statement 3rd ed.
260 ## - PUBLICATION, DISTRIBUTION, ETC. (IMPRINT)
Date of publication, distribution, etc. 2004
Name of publisher, distributor, etc. Shroff
Place of publication, distribution, etc. Mumbai
300 ## - PHYSICAL DESCRIPTION
Extent xvii+374
500 ## - GENERAL NOTE
General note Content page available
650 ## - SUBJECT ADDED ENTRY--TOPICAL TERM
Topical term or geographic name as entry element Oracle,database,architecture,
942 ## - ADDED ENTRY ELEMENTS (KOHA)
Koha item type Books
Holdings
Date last seen Total Checkouts Full call number Accession number Old discount Uniform Resource Identifier Cost, replacement price Price effective from Category Lost status Damaged status Department Withdrawn status bill no. bill date Permanent Location Current Location Shelving location Entry date Vendor Cost, normal purchase price Grants Currency symbol Conversion rate Discount Discount type
26/01/2024   001.6424ORA GRE;1 R 49105 25 digital/contents/49106.pdf 75.00 26/01/2024 Books     Central Library   47325 11/03/2009 Central Library Central Library Central Library 22/05/2008 Book Paradise 100.00 MCA RS 1 25 Rupees
26/01/2024   001.6424ORA GRE;2 R1 49106 25 digital/contents/49106.pdf 75.00 26/01/2024 Books     Central Library   47325 11/03/2009 Central Library Central Library Central Library 22/05/2008 Book Paradise 100.00 MCA RS 1 25 Rupees

© For any Suggestions or Query, please contact the library staff @ librarian@pes.edu or Phone: +9180 2672 1983/ 2108.